000 00254nam a22001097a 4500
008 160520b xxu||||| |||| 00| 0 eng d
020 _a0673522237
041 _aeng
080 _a77
245 _aPhotography:
_cBarbara London; John Upton;
942 _2udc
_cBK
999 _c2308
_d2308